000 00337 a2200157 4500
001 59067
020 _a8508015666
040 _cAnchieta - Pituba
100 _aChiavento, Júlio José
240 1 0 _aA revolução de 1930
_lEsp
245 1 0 _aA revolução de 1930
300 _a32
362 0 _a1991
650 4 _aBrasil
942 _cBK
999 _c59067
_d59067